00498nam a2200169Ia 450000500170000000800410001708200130005810000220007124500350009326000370012830000140016565000210017965000120020094200060021295200950021899900150031320240827070555.0240331s9999 xx 000 0 und d bWICa800 aWickremasinghe, M 0aApe gama :blay bare the roots aDehiwalabTisara Prakasakayo Ltd a111, p ., aSinhala Language aCulture cL 001040708LaWERCLbWERCLcSSCd2024-03-31l0o 800 WICp5044r2024-03-31w2024-03-31yL c4346d4346